00373nam a2200109Ia 4500008004100000082001900041100003600060245005100096260004100147630001800188650005700206211109s9999||||xx |||||||||||||| ||und|| a338.954bGOV-F aGovt Of India Planning Commis,  0aFirst Five Year Plan A Draft Outline, Jyly, 51 bGovernment of IndiaaNew Delhic1956 xGeneral Stack asocial science vEconomicsfive year plansxGeneralia